书目信息 |
| 题名: |
豪斯道夫导数模型及其工程应用
|
|
| 作者: | 陈文 , 蔡伟 , 梁英杰 著 | |
| 分册: | ||
| 出版信息: | 北京 科学出版社 2019.06 |
|
| 页数: | 105页 | |
| 开本: | 24cm | |
| 丛书名: | ||
| 单 册: | ||
| 中图分类: | O189.11 | |
| 科图分类: | ||
| 主题词: | 豪斯道夫空间--hao si dao fu kong jian--应用--模型--研究 | |
| 电子资源: | ||
| ISBN: | 978-7-03-061728-6 | |
| 000 | 01239nam0 2200277 450 | |
| 001 | 0106081856 | |
| 005 | 20201106082046.0 | |
| 010 | @a978-7-03-061728-6@dCNY80.00 | |
| 100 | @a20190921d2019 em y0chiy50 ea | |
| 101 | 0 | @achi |
| 102 | @aCN@b110000 | |
| 105 | @aa z 000yy | |
| 106 | @ar | |
| 200 | 1 | @a豪斯道夫导数模型及其工程应用@Ahao si dao fu dao shu mo xing ji qi gong cheng ying yong@f陈文, 蔡伟, 梁英杰等著 |
| 210 | @a北京@c科学出版社@d2019.06 | |
| 215 | @a105页@c图@d24cm | |
| 312 | @a封面英文题名:Hausdorff derivative models with engineering applications | |
| 330 | @a本书主要介绍豪斯道夫导数的建模方法和工程应用。在理论研究方面,介绍了豪斯道夫导数的定义及其理论基础,并给出了统计力学解释;在实际应用方面,概述了豪斯道夫导数模型在流体力学、黏弹性力学、振动力学等方面的应用。此外,本书还介绍了求解豪斯道夫导数方程的计算方法和豪斯道夫导数模型的广义形式。 | |
| 510 | 1 | @aHausdorff derivative models with engineering applications@zeng |
| 606 | 0 | @a豪斯道夫空间@Ahao si dao fu kong jian@x应用@x模型@x研究 |
| 690 | @aO189.11@v5 | |
| 701 | 0 | @a陈文@Achen wen@f(1967-2018)@4著 |
| 701 | 0 | @a蔡伟@Acai wei@4著 |
| 701 | 0 | @a梁英杰@Aliang ying jie@4著 |
| 801 | 0 | @aCN@bBJSZM@c20201106 |
| 905 | @b1193644-7@dO189.11@e68@f4 | |
| 豪斯道夫导数模型及其工程应用/陈文, 蔡伟, 梁英杰等著.-北京:科学出版社,2019.06 |
| 105页:图;24cm |
| ISBN 978-7-03-061728-6:CNY80.00 |
| 本书主要介绍豪斯道夫导数的建模方法和工程应用。在理论研究方面,介绍了豪斯道夫导数的定义及其理论基础,并给出了统计力学解释;在实际应用方面,概述了豪斯道夫导数模型在流体力学、黏弹性力学、振动力学等方面的应用。此外,本书还介绍了求解豪斯道夫导数方程的计算方法和豪斯道夫导数模型的广义形式。 |
| ● |
| 相关链接 |
|
|
|
|
正题名:豪斯道夫导数模型及其工程应用
索取号:O189.11/68
 
预约/预借
| 序号 | 登录号 | 条形码 | 馆藏地/架位号 | 状态 | 备注 |
| 1 | 1193644 | 211936440 | 第二样本阅览室/ [索取号:O189.11/68] | 在馆 | |
| 2 | 1193645 | 211936459 | 第三借阅区/ [索取号:O189.11/68] | 在馆 | |
| 3 | 1193646 | 211936468 | 第三借阅区/ [索取号:O189.11/68] | 在馆 | |
| 4 | 1193647 | 211936477 | 第三借阅区/ [索取号:O189.11/68] | 在馆 |